| 000 | 00858nam a2200241 a 4500 | ||
|---|---|---|---|
| 008 | |||
| 020 | _a0471043702 (pbk.) | ||
| 049 | _aMAIN | ||
| 090 | 0 | 1 |
_aQA372 _bBAJ |
| 100 | 1 | _aBajpai, Avi C. | |
| 245 | 1 | 0 |
_aOrdinary differential equations : _ba programmed course for students of science and technology / _c[by] A. C. Bajpai, I. M. Calus, [and] J. Hyslop. |
| 260 |
_aLondon : _bWiley-Interscience, _c1970. |
||
| 300 |
_a[276] p. : _bill. ; _c25 cm. |
||
| 440 | 2 | _aA series of programmes on differential equations. | |
| 650 | 0 |
_aDifferential equations _vProgrammed instruction. |
|
| 700 | 1 |
_aCalus, I. M. _q(Irene M.), _ejoint author. |
|
| 700 | 1 |
_aHyslop, J., _ejoint author. |
|
| 907 |
_a.b10150080 _b05-03-11 _c03-02-05 |
||
| 003 | |||
| 005 | 20230123133919.0 | ||
| 040 | _cNUST | ||
| 942 |
_cBOOKS _kQA372 _mBAJ |
||
| 999 |
_c156783 _d156783 |
||